书目信息 |
| 题名: |
蒙台梭利幼儿教育心语
|
|
| 作者: | 单中惠 编 | |
| 分册: | ||
| 出版信息: | 上海 华东师范大学出版社 2019.08 |
|
| 页数: | 333页 | |
| 开本: | 19cm | |
| 丛书名: | 大夏书系·幼儿教育 | |
| 单 册: | ||
| 中图分类: | G61 | |
| 科图分类: | ||
| 主题词: | 幼儿教育 | |
| 电子资源: | ||
| ISBN: | 978-7-5675-9143-1 | |
| 000 | 00873oam2 2200253 450 | |
| 001 | 0103152651 | |
| 005 | 20201103152731.0 | |
| 010 | @a978-7-5675-9143-1@b精装@dCNY49.80 | |
| 100 | @a20200408d2019 em y0chiy50 ea | |
| 101 | 0 | @achi |
| 102 | @aCN@b310000 | |
| 105 | @ay z 000yy | |
| 106 | @ar | |
| 200 | 1 | @a蒙台梭利幼儿教育心语@Ameng tai suo li you er jiao yu xin yu@f单中惠编 |
| 210 | @a上海@c华东师范大学出版社@d2019.08 | |
| 215 | @a333页@d19cm | |
| 225 | 2 | @a大夏书系·幼儿教育@v1 |
| 330 | @a本书选取了蒙台梭利教育心语800余则。共分18篇,内容包括:新时代需要一种新的儿童教育、教育革新旨在对学校进行变革、儿童的发展必须遵循自然法则、儿童自己正在主动地构建自我等。 | |
| 461 | 0 | @12001 @a大夏书系·幼儿教育 |
| 606 | 0 | @a幼儿教育 |
| 690 | @aG61@v5 | |
| 701 | 0 | @a单中惠@Ashan zhong hui@4编 |
| 801 | 0 | @aCN@bBJSZM@c20201103 |
| 905 | @b1256581-5@dG61@e1062@f5 | |
| 蒙台梭利幼儿教育心语/单中惠编.-上海:华东师范大学出版社,2019.08 |
| 333页;19cm.-(大夏书系·幼儿教育;1) |
| ISBN 978-7-5675-9143-1(精装):CNY49.80 |
| 本书选取了蒙台梭利教育心语800余则。共分18篇,内容包括:新时代需要一种新的儿童教育、教育革新旨在对学校进行变革、儿童的发展必须遵循自然法则、儿童自己正在主动地构建自我等。 |
| ● |
| 相关链接 |
|
|
|
|
正题名:蒙台梭利幼儿教育心语
索取号:G61/1062
 
预约/预借
| 序号 | 登录号 | 条形码 | 馆藏地/架位号 | 状态 | 备注 |
| 1 | 1256581 | 212565810 | 第一样本阅览室/ [索取号:G61/1062] | 在馆 | |
| 2 | 1256582 | 212565829 | 教育系资料室/ [索取号:G61/1062] | 在馆 | |
| 3 | 1256583 | 212565838 | 教育系资料室/ [索取号:G61/1062] | 在馆 | |
| 4 | 1256584 | 212565847 | 第四借阅区/ [索取号:G61/1062] | 在馆 | |
| 5 | 1256585 | 212565856 | 第四借阅区/ [索取号:G61/1062] | 在馆 |